Incidencia de las plataformas educativas virtuales en el rendimiento académico de los estudiantes de tercer ciclo del Centro Escolar Católico San José código 88001 del municipio de Ahuachapán, departamento de Ahuachapán. En el periodo comprendido de agosto de 2021 a febrero de 2022 (Registro nro. 12335)

Detalles MARC
000 -LEADER
fixed length control field 00790nam a2200169Ia 4500
005 - FECHA Y HORA DE LA ÚLTIMA TRANSACCIÓN
control field 20240809161633.0
008 - FIXED-LENGTH DATA ELEMENTS--GENERAL INFORMATION
fixed length control field 240808s9999 xx 000 0 und d
040 ## - CATALOGING SOURCE
Original cataloging agency UPAN
Transcribing agency Biblioteca San Vicente
Description conventions RCAA2
041 ## - LANGUAGE CODE
Language code of text/sound track or separate title spa
082 ## - DEWEY DECIMAL CLASSIFICATION NUMBER
Classification number 371.264
Item number Mon
año de publicación 2022
100 ## - MAIN ENTRY--PERSONAL NAME
Personal name Monroy Zepeda, Marcos Alexander
Relator code aut.
245 #0 - TITLE STATEMENT
Title Incidencia de las plataformas educativas virtuales en el rendimiento académico de los estudiantes de tercer ciclo del Centro Escolar Católico San José código 88001 del municipio de Ahuachapán, departamento de Ahuachapán. En el periodo comprendido de agosto de 2021 a febrero de 2022
260 ## - PUBLICATION, DISTRIBUTION, ETC. (IMPRINT)
Place of publication, distribution, etc Ahuachapán:
Name of publisher, distributor, etc Universidad Panamericana,
Date of publication, distribution, etc 2022
300 ## - PHYSICAL DESCRIPTION
Extent 137 p.;
Dimensions 28 cm.
650 ## - SUBJECT ADDED ENTRY--TOPICAL TERM
Source of heading or term LEMB
Topical term or geographic name as entry element Plataformas educativas
General subdivision Rendimiento académico
942 ## - ADDED ENTRY ELEMENTS (KOHA)
Koha item type Libros
Source of classification or shelving scheme Dewey Decimal Classification
Existencias
Withdrawn status Lost status Source of classification or shelving scheme Damaged status Not for loan Collection code Home library Current library Date acquired Total Checkouts Full call number Barcode Date last seen Copy number Price effective from Koha item type
    Dewey Decimal Classification     Tesario Biblioteca UPAN San Vicente Biblioteca UPAN San Vicente 08/08/2024   371.264 Mon 12102144 08/08/2024 01 08/08/2024 Trabajos de Grado